000 00782nam a2200217 i 4500
001 65020
003 ES-MaACL
005 20230906165300.0
007 t|
008 040108s1962 sp ||||1| spa d
100 1 _aFrank, Isaiah.
_952305
245 1 3 _aEl mercado común europeo /
_cpor Isaia Frank ; prólogo y supervisión por Salvador Millet y Bel ; [traducción de Conrado Niell Sureda].
260 _aBarcelona :
_bEd. Hispano Europea,
_c[1962]
300 _aXV, 372 p. ;
_c21 cm.
500 _aPrecede al tít.: Instituto de Estudios Europeos.
700 1 _aMillet y Bel, Salvador.
_981252
700 1 _aNiell Sureda, Conrado.
_985634
710 2 _aInstituto de Estudios Europeos.
_94900
852 _aES-MaACL
_jC-24872
_bR.53540
852 _aES-MaACL
_jE-8368
_bR.92853
999 _c65020
_d65020